000 00763nam a2200169 a 4500
001 000028373
005 20260521073716.0
008 110408s1994 dr 000 0 spa d
040 _aDO-SdBNP
_bspa
_cBNPHU
082 _axxxx
_bG943p
100 1 _aSang, Mu-Kien A.
_d1955-
_q(Mu-Kien Adriana)
_9331
245 1 0 _aGuía para enfrentar la globalización :
_bla Asociación de Estados del Caribe como respuesta de la República Dominicana /
_cpor Miguel Sang Ben.
260 _aSanto Domingo :
_b[s. n.],
_c1994.
300 _a8 p. ;
_c22 cm.
500 _aCnoferencia dictada ante el Instituto de Contadores Públicos Autorizados de la República Dominicana en ocasión del "Día del contador" el 29 de julio de 1994, Santo Domingo, Distrito Nacional
049 _aBNPD
999 _c27865
_d27865